[Event "NOR-chB"]
[Site "Oslo"]
[Date "2023.07.08"]
[Round "9"]
[White "Nilsen, Torger"]
[Black "Kuzmenko, Mihailo"]
[Result "1/2-1/2"]
[WhiteElo "1334"]
[BlackElo "1570"]
[PlyCount "24"]
[EventDate "2023.06.30"]
[EventType "swiss"]
[EventRounds "9"]
[EventCountry "NOR"]
[SourceTitle "EXT 2024"]
[Source "ChessBase"]
[SourceDate "2023.10.10"]
[SourceVersion "1"]
[SourceVersionDate "2023.10.10"]
[SourceQuality "1"]

1. e4 c6 2. d3 d5 3. Nd2 d4 4. g3 e5 5. Bg2 Nf6 6. Ngf3 Bg4 7. 0-0 Nbd7 8. Qe1 Be7 9. Nh4 g5 10. Nf5 Bxf5 11. exf5 Qc7 12. Ne4 Nxe4 1/2-1/2

[Event "NOR-chB"]
[Site "Oslo"]
[Date "2023.07.07"]
[Round "8"]
[White "Nygaard, Trond"]
[Black "Kuzmenko, Mihailo"]
[Result "0-1"]
[WhiteElo "1441"]
[BlackElo "1570"]
[PlyCount "36"]
[EventDate "2023.06.30"]
[EventType "swiss"]
[EventRounds "9"]
[EventCountry "NOR"]
[SourceTitle "EXT 2024"]
[Source "ChessBase"]
[SourceDate "2023.10.10"]
[SourceVersion "1"]
[SourceVersionDate "2023.10.10"]
[SourceQuality "1"]

1. e4 c6 2. d4 d5 3. e5 c5 4. dxc5 e6 5. b4 b6 6. Bb5+ Bd7 7. Bxd7+ Qxd7 8. cxb6 Bxb4+ 9. c3 Bc5 10. Qg4 f5 11. exf6 Nxf6 12. b7 Nxg4 13. bxa8Q Bxf2+ 14. Kd2 0-0 15. Nf3 Be3+ 16. Ke2 Qb5+ 17. Kd1 Nf2+ 18. Kc2 Qa4+ 0-1